01231nam a2200325 i 450000500170000000700030001700800410002002000180006104000350007904100080011408400110012210000440013324500640017725000830024126400650032430000250038933600270041433700330044133800280047449000200050252100530052254500630057565000420063865000460068065000440072665000320077065000360080265000360083870000310087420220317000320.0ta210823r20122021ck 0 sj 0 s fdspa d a9789588611952 aCO-BoRNBPbspaerdacCO-BoRNBP0 aspa aN BRA21 aBradbury, Ray Douglasd1920-2012eautor10aFahrenheit 451 cRay Bradbury ; traducción Alfredo Crespo aPrimera ediciónbDécima sexta reimpresión, Décima octava reimpresión 1aBogotábPenguin Random HousebDebolsilloc2012c2020c2021 a180 páginasc20 cm atextobtxt2rdacontent asin mediaciónbn2rdamedia avolumenbnc2rdacarrier aContemporánea aRecomendado para un público mayor de 15 años aIncluye datos biográficos del autor al inicio del texto 17aNovela estadounidenseySiglo XX2LEMB17aLiteratura estadounidenseySiglo XX2LEMB17aAutores estadounidensesySiglo XX2LEMB17aAutoritarismoyNovela2LEMB17aLibros y lectura yNovela2LEMB17aCiencia ficciónyNovela2LEMB1 aCrespo, Alfredoetraductor